00499nam a22001337a 4500008004100000082001400041245006700055260004600122300001900168650001600187942000800203999001500211952013900226220809b |||||||| |||| 00| 0 eng d a305.5 ATH aCourse Pack ATH 204, Political Anthropology Semester III, 2022 aThimphu :bRoyal Thimphu College, c2022. a124 p.c30 cm. aCourse Pack 2ddc c9075d9076 00102ddc40708FAC RESaRTCLIBbRTCLIBcFAC RESd2022-08-09h16594l0o305.5 ATHp30015582r2022-08-09 00:00:00w2022-08-09yFAC RES